The Office Trivia #2 - Statistics

General Stats
  • This quiz has been taken 31,138 times
  • The average score is 14 of 20
Answer Stats
Hint Answer % Correct
Michael's catchphrase That's what {she} {said}
99%
Body part which Michael burned on his George Foreman grill Foot
92%
Serial killer who is sometimes referenced throughout the series Scranton {Strangler}
92%
What Stanley said when he was being insubordinate Did I {stutter}?
88%
Person who Michael would shoot twice if he was in a room with Bin Laden and Hitler Toby
88%
Fill in the missing words: "Assistant __ ___ Regional Manager" To the
87%
Type of animal which got loose in the office and was eventually captured in a garbage bag over Meredith's head Bat
86%
Woman with whom Michael traveled to Sandals Resorts Jamaica Jan Levinson
84%
Receptionist who replaces Pam Erin
82%
Creed's job title {Quabity} assurance
79%
Ryan's job title, initially Temp
77%
Movie which Michael made that starred people from the office Threat Level {Midnight}
77%
Creed's blog Creed {Thoughts}
57%
Fill in the blank: "Put on your saris, its time to celebrate _____" Diwali
54%
Type of event where Roy took Pam on their first date Hockey game
49%
The worst part of prison, according to Prison Mike The Dementors
49%
Former boss of the office who was decapitated in a car accident Ed {Truck}
47%
Branch which was absorbed into the Scranton branch Stamford
41%
Kevin's "Police" cover band Scrantonicity
39%
Chain restaurant where Michael and Andy picked up Asian waitresses Benihana
38%
No matching quizzes found
Score Distribution
Percent of People with Each Score
Percentile by Number Answered
Your Score History
You have not taken this quiz